[Event "Active"]
[Site "masterchessopen.com Riga (Latvia)"]
[Round "0"]
[White "Vitolins Alvis (LAT)"]
[Black "Sveshnikov Evgeny (LAT)"]
[Result "0-1"]
[WhiteElo "2435"]
[BlackElo "2535"]

1.e4 c5 2.Nf3 Nc6 3.d4 cxd4 4.Nxd4 e5 5.Nb5 d6 6.c4 Be7 7.Be2 f5 8.exf5 Bxf5
9.O-O Nf6 10.N1c3 a6 11.Na3 O-O 12.Nc2 Be6 13.Ne3 Rc8 14.Ned5 Nd4 15.Be3 Nxe2+
16.Qxe2 Nxd5 17.Nxd5 Bxd5 18.cxd5 Bg5 19.Qg4 Bxe3 20.fxe3 Qb6 {#R} 0-1

[Event "Tournament (team)"]
[Site "masterchessopen.com Karlsruhe (Germany)"]
[Round "0"]
[White "Zimmermann Frank (GER)"]
[Black "Eilers Stefan (GER)"]
[Result "1-0"]
[WhiteElo "2295"]
[BlackElo "2292"]

1.e4 c5 2.Nf3 Nc6 3.d4 cxd4 4.Nxd4 e5 5.Nb5 d6 6.c4 a6 7.N5c3 Nf6 8.Be2 h6
9.Be3 Be7 10.O-O O-O 11.Nd2 Be6 12.Nd5 Bxd5 13.cxd5 Nb8 14.Qb3 b5 15.a4 bxa4
16.Rxa4 Nbd7 17.Rfa1 a5 18.Qc3 Rb8 19.Rxa5 Nxe4 20.Nxe4 f5 21.Nd2 {#r} 1-0

[Event "Tournament (team)"]
[Site "masterchessopen.com Chianciano Terme (Italy)"]
[Round "0"]
[White "Miljanic Boro (MNE)"]
[Black "Palos Osman (BIH)"]
[Result "0-1"]
[WhiteElo "2399"]
[BlackElo "2336"]

1.e4 c5 2.Nf3 Nc6 3.d4 cxd4 4.Nxd4 e5 5.Nb5 d6 6.N1c3 a6 7.Na3 Be6 8.Nd5 Nf6
9.Nxf6+ Qxf6 10.Bd3 d5 11.O-O Rd8 12.exd5 Bxd5 13.Qg4 h5 14.Qa4 Bc5 15.Be3
Bxe3 16.fxe3 Qg5 17.e4 Be6 18.Nc4 O-O 19.Na5 Rd4 20.Qa3 Nb4 21.Rf3 Rxd3 {#R}
0-1

[Event "It \"]
[Site "masterchessopen.com Las Palmas (Spain)"]
[Round "0"]
[White "Garcia Gildardo (COL)"]
[Black "Garcia Raul (AND)"]
[Result "1-0"]
[WhiteElo "2430"]
[BlackElo "2177"]

1.e4 c5 2.Nf3 Nc6 3.d4 cxd4 4.Nxd4 e5 5.Nb5 d6 6.N1c3 a6 7.Na3 b5 8.Nab1 b4
9.Nd5 Nge7 10.c3 Rb8 11.Qa4 Bd7 12.Qxa6 Nxd5 13.exd5 Na5 14.cxb4 Rxb4 15.Bd2
Re4+ 16.Be2 Nc4 17.O-O Nxd2 18.Nxd2 Rd4 19.Nb3 Rxd5 20.Bc4 {#r} 1-0

[Event "Ch Colombia"]
[Site "masterchessopen.com Colombia"]
[Round "0"]
[White "Salcedo Omar (COL)"]
[Black "Gonzalez Sergio (COL)"]
[Result "0-1"]
[WhiteElo "2036"]
[BlackElo "2287"]

1.e4 c5 2.Nf3 Nc6 3.d4 cxd4 4.Nxd4 e5 5.Nb5 d6 6.N1c3 a6 7.Na3 b5 8.Nd5 Be7
9.c4 b4 10.Qa4 Bd7 11.Nb5 Kf8 12.Nbc7 Ra7 13.Bd3 Rxc7 14.Nxc7 Qxc7 15.Qxa6 Nb8
{#R} 0-1

[Event "It (open) \"]
[Site "masterchessopen.com London (England)"]
[Round "0"]
[White "Popovych Orest (USA)"]
[Black "Hassabis Demis (ENG)"]
[Result "0-1"]
[WhiteElo "2275"]
[BlackElo "2300"]

1.e4 c5 2.Nf3 Nc6 3.d4 cxd4 4.Nxd4 e5 5.Nb5 d6 6.c4 Be7 7.N1c3 a6 8.Na3 Be6
9.Be3 Nf6 10.Be2 O-O 11.O-O Rc8 12.Rc1 Na5 13.Qa4 Nxc4 14.Nxc4 b5 15.Qxa6 bxc4
16.Bb6 Qe8 17.f3 Ra8 18.Qb5 Qxb5 19.Nxb5 Rab8 {#R} 0-1

[Event "It (open)"]
[Site "masterchessopen.com Nuernberg (Germany)"]
[Round "1"]
[White "Reichel Norbert (GER)"]
[Black "Pichler Juergen (GER)"]
[Result "0-1"]
[WhiteElo "2152"]
[BlackElo "2388"]

1.e4 c5 2.Nf3 Nc6 3.d4 cxd4 4.Nxd4 e5 5.Nb5 d6 6.N1c3 a6 7.Na3 Be6 8.Nd5 Nf6
9.Bg5 Be7 10.Bxf6 Bxf6 11.c3 Bg5 12.h4 Bh6 13.g4 Bf4 14.Nc4 b5 15.Nxd6+ Qxd6
16.Nf6+ Ke7 17.Qxd6+ Kxd6 18.Rd1+ Kc7 19.Nd5+ Kb7 {#R} 0-1

[Event "It (open)"]
[Site "masterchessopen.com Cappelle la Grande (France)"]
[Round "0"]
[White "Boudre Jean-Pierre (FRA)"]
[Black "Ambartsoumian Armen (USA)"]
[Result "1-0"]
[WhiteElo "2299"]
[BlackElo "2419"]

1.e4 c5 2.Nf3 Nc6 3.d4 cxd4 4.Nxd4 e5 5.Nb5 d6 6.c4 Be7 7.N1c3 a6 8.Na3 Be6
9.Be2 Nd4 10.Be3 Nxe2 11.Qxe2 Nf6 12.O-O O-O 13.Rfe1 Qa5 14.f3 Rfc8 15.Rac1 h6
16.Rc2 Rc6 17.Nd5 Nxd5 18.exd5 {#r} 1-0

[Event "It (open)"]
[Site "masterchessopen.com Dieren (Netherlands)"]
[Round "4"]
[White "Wirschell Taco (NED)"]
[Black "Baltus Pieter (NED)"]
[Result "1-0"]
[WhiteElo "2340"]
[BlackElo "2164"]

1.e4 c5 2.Nf3 Nc6 3.d4 cxd4 4.Nxd4 e5 5.Nb5 d6 6.Bd3 Be6 7.O-O Be7 8.Nd2 d5
9.exd5 Bxd5 10.Ne4 Nf6 11.Nxf6+ Bxf6 12.Nc3 Be6 13.Ne4 Be7 14.Qh5 h6 15.Bb5
Qa5 16.a4 O-O 17.Bxh6 gxh6 18.Qxh6 Bf5 19.Ra3 Bxe4 20.Rg3+ Bg6 21.Bc4 Bg5
22.Qxg6+ {#r} 1-0

[Event "It (open)"]
[Site "masterchessopen.com Eger (Hungary)"]
[Round "0"]
[White "Schiller Petter (SWE)"]
[Black "Araslanov Farid (RUS)"]
[Result "0-1"]
[WhiteElo "2280"]
[BlackElo "2290"]

1.e4 c5 2.Nf3 Nc6 3.d4 cxd4 4.Nxd4 e5 5.Nb5 d6 6.N1c3 Nf6 7.Bg5 a6 8.Na3 b5
9.Bxf6 gxf6 10.Nd5 f5 11.c4 Bg7 12.cxb5 Nd4 13.b6 O-O 14.Bd3 Bb7 15.Nc4 Rb8
16.Nce3 fxe4 17.Bxe4 f5 18.Bd3 e4 19.Bc4 Kh8 20.O-O Qg5 21.Kh1 f4 {#R} 0-1

[Event "It (open)"]
[Site "masterchessopen.com Helsinki (Finland)"]
[Round "1"]
[White "Tuutti Petri (FIN)"]
[Black "Sveshnikov Evgeny (LAT)"]
[Result "0-1"]
[WhiteElo "2098"]
[BlackElo "2525"]

1.e4 c5 2.Nf3 Nc6 3.d4 cxd4 4.Nxd4 e5 5.Nb5 d6 6.c4 Be7 7.N1c3 a6 8.Na3 Be6
9.Be2 Bg5 10.Nc2 Bxc1 11.Rxc1 Nf6 12.O-O O-O 13.b3 Qa5 14.Ne3 Nd4 15.Qd3 b5
16.cxb5 axb5 17.Nc2 Qxc3 {#R} 0-1

[Event "Ch Switzerland"]
[Site "masterchessopen.com Leukerbad (Switzerland)"]
[Round "0"]
[White "Landenbergue Claude (SUI)"]
[Black "Kishnev Sergey (RUS)"]
[Result "0-1"]
[WhiteElo "2397"]
[BlackElo "2540"]

1.e4 c5 2.Nf3 Nc6 3.d4 cxd4 4.Nxd4 e5 5.Nb5 d6 6.c4 Be7 7.Be2 Be6 8.O-O a6
9.N5c3 Bg5 10.Nd2 Nge7 11.Nf3 Bxc1 12.Rxc1 Ng6 13.Qd2 Bg4 14.Ne1 h5 15.Nc2 Nf4
16.Ne3 Qg5 17.Rfd1 Nd4 {#R} 0-1

[Event "Ch Czechoslovakia (open)"]
[Site "masterchessopen.com Prague (Czech Republic)"]
[Round "7"]
[White "Michalek Jan (CZE)"]
[Black "Holemar David (CZE)"]
[Result "0-1"]
[WhiteElo "2332"]
[BlackElo "2306"]

1.e4 c5 2.Nf3 Nc6 3.d4 cxd4 4.Nxd4 e5 5.Nb5 d6 6.N1c3 a6 7.Na3 b5 8.Nd5 Nge7
9.c4 Nd4 10.Be3 Nxd5 11.exd5 Nf5 12.Bd2 g6 13.cxb5 Bg7 14.bxa6 O-O 15.Bb5 e4
16.Rb1 e3 17.fxe3 Qh4+ 18.g3 Nxg3 {#R} 0-1

[Event "Tournament"]
[Site "masterchessopen.com Provence (France)"]
[Round "9"]
[White "Girard Jean-Pierre (FRA)"]
[Black "Stepien Jaroslaw (FRA)"]
[Result "0-1"]
[WhiteElo "1873"]
[BlackElo "2055"]

1.e4 c5 2.Nf3 Nc6 3.d4 cxd4 4.Nxd4 e5 5.Nb5 d6 6.N1c3 a6 7.Na3 b5 8.Nd5 Nge7
9.c3 Nxd5 10.Qxd5 Bb7 11.Be3 Na5 12.Qd3 Qh4 13.Nxb5 axb5 14.Qxb5+ Bc6 15.Qb6
Qxe4 16.O-O-O Be7 17.Qc7 Ba4 18.b3 Bd7 19.Rxd6 Bxd6 20.Qxd6 Nb7 {#R} 0-1

[Event "Ch Europe (juniors)"]
[Site "masterchessopen.com Rimavska Sobota (Slovakia)"]
[Round "0"]
[White "Kiss Fernanda (HUN)"]
[Black "Zvereva Marija (RUS)"]
[Result "1-0"]
[WhiteElo "2237"]
[BlackElo "2219"]

1.e4 c5 2.Nf3 Nc6 3.d4 cxd4 4.Nxd4 e5 5.Nb5 d6 6.N1c3 a6 7.Na3 b5 8.Nd5 Nce7
9.c4 Nxd5 10.Qxd5 Be6 11.Qd1 Nf6 12.cxb5 Nxe4 13.bxa6 Qa5+ 14.Bd2 Nxd2 15.Qxd2
Qxd2+ 16.Kxd2 d5 17.Nc2 Bc8 18.Ne3 Bxa6 19.Nxd5 Bxf1 20.Rhxf1 Kd8 {#r} 1-0

[Event "Ch Czechoslovakia (juniors)"]
[Site "masterchessopen.com Valtice (Czech Republic)"]
[Round "1"]
[White "Kovar Karel (CZE)"]
[Black "Sluka Radek (CZE)"]
[Result "0-1"]
[WhiteElo "2049"]
[BlackElo "2276"]

1.e4 c5 2.Nf3 Nc6 3.d4 cxd4 4.Nxd4 e5 5.Nb5 d6 6.N1c3 a6 7.Na3 b5 8.Nd5 Nge7
9.c4 Nd4 10.Nxe7 Bxe7 11.cxb5 O-O 12.Be3 d5 13.Bxd4 exd4 14.Qxd4 Qa5+ 15.Kd1
Bxa3 16.bxa3 dxe4 17.Qxe4 Bb7 18.Qb4 Rad8+ 19.Kc1 Qc7+ 20.Kb2 Qe5+ 21.Qc3 Rd2+
{#R} 0-1

[Event "Ch World (juniors) (under 18) (g)"]
[Site "masterchessopen.com Bratislava (Slovakia)"]
[Round "2"]
[White "Mora Virginie (FRA)"]
[Black "Vijayalakshmi Subbaraman (IND)"]
[Result "1-0"]
[WhiteElo "2137"]
[BlackElo "2415"]

1.e4 c5 2.Nf3 Nc6 3.d4 cxd4 4.Nxd4 e5 5.Nb5 d6 6.Bc4 Nf6 7.Bg5 a6 8.Bxf6 gxf6
9.Qh5 Qa5+ 10.N5c3 Nd8 11.Nd2 Ne6 12.Nd5 Bg7 13.c3 Bd7 14.f4 O-O-O 15.Nb3 Nxf4
16.Qf3 Qa4 17.Nb6+ {#r} 1-0

[Event "It (open)"]
[Site "masterchessopen.com Eger (Hungary)"]
[Round "4"]
[White "Paal Attila (HUN)"]
[Black "Schroter Tamas (HUN)"]
[Result "0-1"]
[WhiteElo "2174"]
[BlackElo "2219"]

1.e4 c5 2.Nf3 Nc6 3.d4 cxd4 4.Nxd4 e5 5.Nb5 d6 6.N1c3 a6 7.Na3 b5 8.Nd5 Nge7
9.c4 Nd4 10.Nxe7 Bxe7 11.cxb5 O-O 12.bxa6 d5 13.Bd3 dxe4 14.Bxe4 Rxa6 15.O-O
f5 16.Bd3 Rg6 17.Nb5 Qd5 18.Nxd4 {#R} 0-1

[Event "Ch Hamburg"]
[Site "masterchessopen.com Hamburg (Germany)"]
[Round "0"]
[White "Voigt Martin (GER)"]
[Black "Groeppel Peter (GER)"]
[Result "1-0"]
[WhiteElo "2305"]
[BlackElo "2014"]

1.e4 c5 2.Nf3 Nc6 3.d4 cxd4 4.Nxd4 e5 5.Nb5 d6 6.N1c3 a6 7.Na3 Be6 8.Nc4 Nf6
9.Bg5 Be7 10.Bxf6 gxf6 11.Ne3 b5 12.Ncd5 Rc8 13.c3 Bxd5 14.Qxd5 Na5 15.b4 {#r}
1-0

[Event "It (open)"]
[Site "masterchessopen.com Horni Becva (Czech Republic)"]
[Round "0"]
[White "Brazina David (CZE)"]
[Black "Holemar David (CZE)"]
[Result "0-1"]
[WhiteElo "1923"]
[BlackElo "2306"]

1.e4 c5 2.Nf3 Nc6 3.d4 cxd4 4.Nxd4 e5 5.Nb5 d6 6.N1c3 a6 7.Na3 b5 8.Nd5 Nge7
9.c4 Nd4 10.Nc2 Nxd5 11.Nxd4 Nf6 12.Nc2 Bb7 13.f3 Rc8 14.cxb5 Nxe4 15.fxe4
Qh4+ 16.Ke2 Bxe4 17.Ne3 d5 18.bxa6 Bc5 19.Qa4+ Kd8 20.Qa5+ Ke7 21.Qa4 {#R} 0-1

[Event "Ch Hungary (university)"]
[Site "masterchessopen.com Hungary"]
[Round "3"]
[White "Balvanyos Istvan (HUN)"]
[Black "Horvath Peter_ (HUN)"]
[Result "0-1"]
[WhiteElo "2143"]
[BlackElo "2450"]

1.e4 c5 2.Nf3 Nc6 3.d4 cxd4 4.Nxd4 e5 5.Nb5 d6 6.Be3 Nf6 7.N5c3 Be6 8.Be2 Be7
9.O-O O-O 10.Kh1 Rc8 11.f4 exf4 12.Rxf4 d5 13.exd5 Nxd5 14.Nxd5 Bxd5 15.Nc3
Be6 16.Ne4 Qa5 17.c3 Qe5 18.Bd4 Qxf4 {#R} 0-1

[Event "It (open)"]
[Site "masterchessopen.com Huy (Belgium)"]
[Round "6"]
[White "Liepold Stefan (GER)"]
[Black "Hopman Pieter (NED)"]
[Result "1-0"]
[WhiteElo "2269"]
[BlackElo "2351"]

1.e4 c5 2.Nf3 Nc6 3.d4 cxd4 4.Nxd4 e5 5.Nb5 d6 6.N1c3 a6 7.Na3 Nf6 8.Bg5 Be7
9.Nc4 Be6 10.Bxf6 gxf6 11.Ne3 Qa5 12.Bd3 Rg8 13.O-O Bf8 14.Ned5 Bxd5 15.Nxd5
Rg6 16.c3 Ne7 17.b4 Qd8 18.Qa4+ Nc6 19.b5 Qd7 20.bxc6 Rxg2+ 21.Kh1 {#r} 1-0

[Event "Cup Iwex"]
[Site "masterchessopen.com Pardubice (Czech Republic)"]
[Round "1"]
[White "Bartos Alois (CZE)"]
[Black "Vozka Pavel (CZE)"]
[Result "1-0"]
[WhiteElo "2077"]
[BlackElo "2270"]

1.e4 c5 2.Nf3 Nc6 3.d4 cxd4 4.Nxd4 e5 5.Nb5 d6 6.N1c3 a6 7.Na3 b5 8.Nd5 Nge7
9.c4 Nd4 10.Be3 Nxd5 11.cxd5 Be7 12.Bd3 O-O 13.O-O f5 14.Bxd4 exd4 15.Nc2 Qb6
16.exf5 Bxf5 17.Bxf5 Rxf5 18.Nxd4 Rf7 19.Ne6 Bf6 {#r} 1-0

[Event "Ch Poland (corr.)"]
[Site "masterchessopen.com Poland"]
[Round "0"]
[White "Dudek Richard (GER)"]
[Black "Runowiecki Tadeusz (POL)"]
[Result "0-1"]
[WhiteElo "2245"]
[BlackElo "1958"]

1.e4 c5 2.Nf3 Nc6 3.d4 cxd4 4.Nxd4 e5 5.Nb5 d6 6.c4 Be6 7.N1c3 a6 8.Na3 Rc8
9.Be3 Nf6 10.f3 Be7 11.Nd5 O-O 12.Nc2 Nh5 13.g4 Bh4+ {#R} 0-1

[Event "It (open)"]
[Site "masterchessopen.com Saint Martin (France & Netherl)"]
[Round "5"]
[White "Scotto Marco (ITA)"]
[Black "Schmittdiel Eckhard (GER)"]
[Result "0-1"]
[WhiteElo "2200"]
[BlackElo "2450"]

1.e4 c5 2.Nf3 Nc6 3.d4 cxd4 4.Nxd4 e5 5.Nb5 d6 6.c4 Be7 7.N1c3 a6 8.Na3 Be6
9.Be3 Bg5 10.Qd2 Bxe3 11.Qxe3 Nf6 12.Be2 Nd4 13.O-O O-O 14.Rfc1 Rc8 15.b3 Qa5
16.Nab1 Nxb3 {#R} 0-1

[Event "It (open)"]
[Site "masterchessopen.com Albacete (Spain)"]
[Round "0"]
[White "Martin Garcia Juan Miguel (ESP)"]
[Black "Ayas Fernandez Antonio (ESP)"]
[Result "0-1"]
[WhiteElo "2142"]
[BlackElo "2286"]

1.e4 c5 2.Nf3 Nc6 3.d4 cxd4 4.Nxd4 e5 5.Nb5 d6 6.c4 Be7 7.Be2 Be6 8.N1c3 a6
9.Na3 Bg5 10.O-O h6 11.f4 exf4 12.Bxf4 Bxf4 13.Rxf4 Qb6+ 14.Rf2 Qxb2 15.Qc1
Qxc1+ 16.Rxc1 Nf6 17.Bd3 Ne5 18.Bf1 Rc8 {#R} 0-1

[Event "It (open)"]
[Site "masterchessopen.com Badalona (Spain)"]
[Round "9"]
[White "Lanka Zigurds (LAT)"]
[Black "Shnaider David (RUS)"]
[Result "1-0"]
[WhiteElo "2540"]
[BlackElo "2215"]

1.e4 c5 2.Nf3 Nc6 3.d4 cxd4 4.Nxd4 e5 5.Nb5 d6 6.N1c3 a6 7.Na3 b5 8.Nd5 Nge7
9.c4 Nxd5 10.exd5 Nd4 11.cxb5 Be7 12.Bd3 O-O 13.O-O f5 14.f4 exf4 15.Bxf4 axb5
16.Kh1 Qa5 17.Bd2 b4 18.Qe1 Ba6 19.Bxb4 {#r} 1-0

[Event "It (open)"]
[Site "masterchessopen.com Buenos Aires (Argentina)"]
[Round "1"]
[White "Fuentes Alberto (ARG)"]
[Black "Moreno Carnero Javier (ESP)"]
[Result "0-1"]
[WhiteElo "2128"]
[BlackElo "2519"]

1.e4 c5 2.Nf3 Nc6 3.d4 cxd4 4.Nxd4 e5 5.Nb5 d6 6.a4 Be6 7.N1c3 a6 8.Na3 Nf6
9.Be3 Be7 10.Be2 Rc8 11.O-O O-O {#R} 0-1

[Event "It"]
[Site "masterchessopen.com Saanen (Switzerland)"]
[Round "0"]
[White "Forster Richard (SUI)"]
[Black "Gerber Richard (SUI)"]
[Result "1-0"]
[WhiteElo "2380"]
[BlackElo "2335"]

1.e4 c5 2.Nf3 Nc6 3.d4 cxd4 4.Nxd4 e5 5.Nb5 d6 6.a4 Be7 7.N1c3 a6 8.Na3 Nf6
9.Bg5 Be6 10.Bc4 O-O 11.Bxf6 Bxf6 12.Nd5 Bg5 13.c3 Rc8 14.O-O Kh8 15.Qd3 f5
16.Ne3 fxe4 17.Qxe4 Rf4 18.Qd3 Bxc4 19.Naxc4 d5 20.Nxd5 Rf8 21.Rad1 Qe8 22.Nd6
{#r} 1-0

[Event "Ch Spain (universities)"]
[Site "masterchessopen.com Spain"]
[Round "6"]
[White "Rahal Joe (ESP)"]
[Black "Mullor Gomez Luis (ESP)"]
[Result "1-0"]
[WhiteElo "1786"]
[BlackElo "2352"]

1.e4 c5 2.Nf3 Nc6 3.d4 cxd4 4.Nxd4 e5 5.Nb5 d6 6.N1c3 a6 7.Na3 b5 8.Nd5 Be7
9.Bd3 Nf6 10.Nxe7 Nxe7 11.c4 bxc4 12.Nxc4 O-O 13.O-O Bb7 14.Bg5 d5 15.Nxe5
dxe4 16.Bc4 Qc7 17.Bxf6 Ng6 18.Qg4 Bc8 19.Qg3 {#r} 1-0

[Event "Tournament (team)"]
[Site "masterchessopen.com Buenos Aires (Argentina)"]
[Round "2"]
[White "Farah Rodolfo (ARG)"]
[Black "Escandell Juan C (ESP)"]
[Result "1-0"]
[WhiteElo "2152"]
[BlackElo "2275"]

1.e4 c5 2.Nf3 Nc6 3.d4 cxd4 4.Nxd4 e5 5.Nb5 d6 6.N1c3 a6 7.Na3 b5 8.Nd5 Nge7
9.c3 Nxd5 10.exd5 Ne7 11.c4 bxc4 12.Nxc4 g6 13.Qa4+ Qd7 14.Nxd6+ Kd8 15.Qa5+
Qc7 16.Nxf7+ Kd7 17.Qxc7+ Kxc7 18.d6+ {#r} 1-0

[Event "Tournament (team)"]
[Site "masterchessopen.com Buenos Aires (Argentina)"]
[Round "5"]
[White "Langier Daniel (ARG)"]
[Black "Escandell Juan C (ESP)"]
[Result "1-0"]
[WhiteElo "2395"]
[BlackElo "2275"]

1.e4 c5 2.Nf3 Nc6 3.d4 cxd4 4.Nxd4 e5 5.Nb5 d6 6.c4 Be7 7.N1c3 a6 8.Na3 h6
9.Be2 Bg5 10.O-O Nge7 11.Nc2 Be6 12.Nd5 Ng6 13.Bh5 Bxc1 14.Rxc1 O-O 15.Qd2 Rc8
16.g3 Kh7 17.Rfd1 Nce7 18.Nxe7 Qxe7 19.Ne3 Nf4 20.gxf4 exf4 21.Ng2 Qg5 22.Bf3
{#r} 1-0

[Event "Ch Brazil (1/2 final)"]
[Site "masterchessopen.com Florianopolis (Brasil)"]
[Round "0"]
[White "Van Riemsdijk Herman C (BRA)"]
[Black "Loureiro Luiz (BRA)"]
[Result "0-1"]
[WhiteElo "2370"]
[BlackElo "2375"]

1.e4 c5 2.Nf3 Nc6 3.d4 cxd4 4.Nxd4 e5 5.Nb5 d6 6.c4 Be6 7.Be2 Be7 8.O-O a6
9.N5c3 h6 10.Nd5 Nf6 11.Be3 O-O 12.Nbc3 Nd7 13.Nxe7+ Qxe7 14.Nd5 Qd8 15.Qb3
Nc5 16.Bxc5 dxc5 17.Qxb7 Bxd5 {#R} 0-1

[Event "Ch Hungary (team) 1995/96 (2 liga)"]
[Site "masterchessopen.com Hungary"]
[Round "2"]
[White "Palotai Piroska (HUN)"]
[Black "Kiss Laszlo (HUN)"]
[Result "0-1"]
[WhiteElo "2095"]
[BlackElo "1694"]

1.e4 c5 2.Nf3 Nc6 3.d4 cxd4 4.Nxd4 e5 5.Nb5 d6 6.Be3 a6 7.N5c3 Be6 8.Be2 f5
9.exf5 Bxf5 10.Bc4 Nf6 11.O-O Rc8 12.Nd5 Nxd5 13.Qxd5 Qf6 14.f4 Ne7 15.Bb5+
axb5 16.Qxb5+ Bd7 17.fxe5 Qg6 18.Qb3 Rxc2 19.Nd2 Bc6 20.Rf2 Nd5 {#R} 0-1

[Event "It (open)"]
[Site "masterchessopen.com Moscow (Russia)"]
[Round "7"]
[White "Galkin Alexander (RUS)"]
[Black "Stripunsky Alexander (USA)"]
[Result "1-0"]
[WhiteElo "2430"]
[BlackElo "2495"]

1.e4 c5 2.Nf3 Nc6 3.d4 cxd4 4.Nxd4 e5 5.Nb5 d6 6.c4 Be6 7.Be2 Rc8 8.O-O Nf6
9.N5c3 Be7 10.Be3 O-O 11.Nd2 Nd7 12.Nf3 Nc5 13.a3 a5 14.Qc2 Bg4 15.Rad1 Ne6
16.Nb5 {#r} 1-0

[Event "It \"]
[Site "masterchessopen.com Philadelphia (USA)"]
[Round "1"]
[White "Ash Robert (USA)"]
[Black "Markzon Gregory (USA)"]
[Result "0-1"]
[WhiteElo "2067"]
[BlackElo "2280"]

1.e4 c5 2.Nf3 Nc6 3.d4 cxd4 4.Nxd4 e5 5.Nb5 d6 6.N1c3 a6 7.Na3 Be7 8.Nc4 Be6
9.Ne3 Bg5 10.Ncd5 Nge7 11.Bc4 O-O 12.h4 Bh6 13.g4 Bf4 14.Nxf4 exf4 15.Nd5 Ne5
16.Bb3 Nxd5 17.f3 Ne3 18.Bxe3 fxe3 19.Qe2 Qa5+ 20.Kf1 Qc5 21.Kg2 Ng6 {#R} 0-1

[Event "It \"]
[Site "masterchessopen.com Philadelphia (USA)"]
[Round "2"]
[White "Reichstein Boris (USA)"]
[Black "Bonin Jay R (USA)"]
[Result "0-1"]
[WhiteElo "2280"]
[BlackElo "2360"]

1.e4 c5 2.Nf3 Nc6 3.d4 cxd4 4.Nxd4 e5 5.Nb5 d6 6.c4 Be7 7.Be2 a6 8.N5c3 Bg5
9.Nd2 Nf6 10.Nf3 Bxc1 11.Rxc1 Bg4 12.Nd2 Be6 13.Nb3 O-O 14.O-O Rc8 15.f3 Na5
16.Nxa5 Qxa5 17.b3 b5 18.Qxd6 bxc4 19.b4 Qa3 20.Qxe5 {#R} 0-1

[Event "Ch Europe (juniors) (under 16)"]
[Site "masterchessopen.com Zagan (Poland)"]
[Round "8"]
[White "Makarashvili Alexandre (GEO)"]
[Black "De Wachter Matthias (BEL)"]
[Result "1-0"]
[WhiteElo "2252"]
[BlackElo "2269"]

1.e4 c5 2.Nf3 Nc6 3.d4 cxd4 4.Nxd4 e5 5.Nb5 d6 6.Be2 Nf6 7.Bg5 Qa5+ 8.Bd2 Qd8
9.Bg5 Qa5+ 10.Qd2 Nxe4 11.Qxa5 Nxa5 12.Be3 Kd7 13.Nxa7 Nc6 14.Bg4+ Kc7 15.Nxc8
Nb4 16.Nb6 Ra6 17.Na3 {#r} 1-0

[Event "Ch Russia (1/2 final)"]
[Site "masterchessopen.com Arkhangelsk (Russia)"]
[Round "7"]
[White "Loskutov Oleg (RUS)"]
[Black "Sherbakov V (RUS)"]
[Result "1-0"]
[WhiteElo "2395"]
[BlackElo "2370"]

1.e4 c5 2.Nf3 Nc6 3.d4 cxd4 4.Nxd4 e5 5.Nb5 d6 6.N1c3 a6 7.Na3 b5 8.Nd5 Nce7
9.c4 Nxd5 10.exd5 bxc4 11.Nxc4 Nf6 12.Be3 Rb8 13.a4 Be7 14.Be2 O-O 15.O-O Bb7
16.Nb6 Nd7 17.a5 f5 18.b4 f4 {#r} 1-0

[Event "Ch Poland (team) (juniors) (under 18) (2nd liga)"]
[Site "masterchessopen.com Augustow (Poland)"]
[Round "0"]
[White "Skorobogaty Krzysztof (POL)"]
[Black "Turecki Krzysztof (POL)"]
[Result "1-0"]
[WhiteElo "2062"]
[BlackElo "1849"]

1.e4 c5 2.Nf3 Nc6 3.d4 cxd4 4.Nxd4 e5 5.Nb5 d6 6.N1c3 a6 7.Na3 Nf6 8.Bg5 Be7
9.Bxf6 Bxf6 10.Nd5 b5 11.c3 Rb8 12.Nc2 Bb7 13.Nce3 Na5 14.Bd3 Bg5 15.O-O Bxe3
16.Nxe3 d5 17.Qh5 Qd6 18.exd5 Bxd5 19.Rfd1 Qc6 20.Qxe5+ Be6 21.Qxb8+ {#r} 1-0

[Event "It (open) \"]
[Site "masterchessopen.com Bratislava (Slovakia)"]
[Round "7"]
[White "Manik Mikulas (SVK)"]
[Black "Sobolevsky Leonid (UKR)"]
[Result "1-0"]
[WhiteElo "2395"]
[BlackElo "2255"]

1.e4 c5 2.Nf3 Nc6 3.d4 cxd4 4.Nxd4 e5 5.Nb5 d6 6.N1c3 a6 7.Na3 f5 8.exf5 Bxf5
9.Bd3 Bxd3 10.Qxd3 Nf6 11.Bg5 d5 12.Bxf6 gxf6 13.O-O Bxa3 14.bxa3 Ne7 15.Rab1
b5 16.a4 d4 17.Ne4 O-O 18.axb5 axb5 19.Rxb5 Kh8 20.Qb3 Ng6 21.Rb7 Rg8 22.Qf7
{#r} 1-0

[Event "It (b)"]
[Site "masterchessopen.com Budapest (Hungary)"]
[Round "13"]
[White "Turzo Attila (HUN)"]
[Black "Ladanyi Tibor (HUN)"]
[Result "0-1"]
[WhiteElo "2315"]
[BlackElo "2110"]

1.e4 c5 2.Nf3 Nc6 3.d4 cxd4 4.Nxd4 e5 5.Nb5 d6 6.c4 Be7 7.N1c3 a6 8.Na3 Be6
9.Be2 Bg5 10.Bxg5 Qxg5 11.O-O Nge7 12.Nd5 Nxd5 13.cxd5 Bh3 14.Bf3 Nd4 15.Kh1
Qf4 16.Re1 Rc8 17.Rc1 Rxc1 18.Qxc1 Nxf3 19.Qxf4 Bxg2+ 20.Kxg2 Nxe1+ 21.Kf1
exf4 22.Kxe1 Kd7 {#R} 0-1

[Event "Mecklenburg Landesliga"]
[Site "masterchessopen.com Germany"]
[Round "5"]
[White "Bartolomaeus Christian (GER)"]
[Black "Knuth Hannes (GER)"]
[Result "1-0"]
[WhiteElo "2250"]
[BlackElo "2295"]

1.e4 c5 2.Nf3 Nc6 3.d4 cxd4 4.Nxd4 e5 5.Nb5 d6 6.N1c3 a6 7.Na3 Be6 8.Nd5 Nge7
9.Nc4 Bxd5 10.exd5 Nb4 11.Ne3 Qa5 12.Bd2 Qb6 13.c4 {#r} 1-0

[Event "It (open)"]
[Site "masterchessopen.com Ljubljana (Slovenia)"]
[Round "5"]
[White "Jazbinsek Sebastjan (SLO)"]
[Black "Stimec Anton"]
[Result "1-0"]
[WhiteElo "2193"]
[BlackElo "1975"]

1.e4 c5 2.Nf3 Nc6 3.d4 cxd4 4.Nxd4 e5 5.Nb5 d6 6.N1c3 a6 7.Na3 Nge7 8.Be3 Be6
9.Nc4 Nc8 10.Nd5 Bxd5 11.Qxd5 Qc7 12.a4 Be7 13.c3 O-O 14.Be2 Bf6 15.a5 N6e7
16.Qd3 Qc6 17.O-O Rd8 18.Nb6 Nxb6 19.Bxb6 Rd7 20.c4 Re8 21.b4 Nc8 22.b5 {#r}
1-0